International politics since 1900. (Record no. 61772)

MARC details
000 -LEADER
fixed length control field 00599cam a22002291 4500
001 - CONTROL NUMBER
control field sa 65000831
003 - CONTROL NUMBER IDENTIFIER
control field DLC
005 - DATE AND TIME OF LATEST TRANSACTION
control field 20260227112105.0
008 - FIXED-LENGTH DATA ELEMENTS--GENERAL INFORMATION
fixed length control field 810914s1964 ii b b 000 0 eng
010 ## - LIBRARY OF CONGRESS CONTROL NUMBER
LC control number sa 65000831
035 ## - SYSTEM CONTROL NUMBER
System control number (OCoLC)7758373
040 ## - CATALOGING SOURCE
Original cataloging agency DLC
Transcribing agency AzFU
Modifying agency OCoLC
-- DLC
042 ## - AUTHENTICATION CODE
Authentication code premarc
050 00 - LIBRARY OF CONGRESS CALL NUMBER
Classification number D443
Item number .M28 1964
100 1# - MAIN ENTRY--PERSONAL NAME
Personal name Mahajan, Vidya Dhar.
245 10 - TITLE STATEMENT
Title International politics since 1900.
250 ## - EDITION STATEMENT
Edition statement [2nd ed.]
260 ## - PUBLICATION, DISTRIBUTION, ETC.
Place of publication, distribution, etc. Delhi, S. Chand,
Date of publication, distribution, etc. 1964.
300 ## - PHYSICAL DESCRIPTION
Extent vii, 571 p. maps 23 cm.
504 ## - BIBLIOGRAPHY, ETC. NOTE
Bibliography, etc. note Includes bibliographies.
650 #0 - SUBJECT ADDED ENTRY--TOPICAL TERM
Topical term or geographic name entry element World politics.

No items available.

Powered by Koha